00824 2200241 4500001002100000005001500021035002000036007000300056008004100059020001800100082001000118084001600128100001900144245003100163250001800194260005500212300002400267500015900291650002600450520002600476520006800502990001200570INLIS00000000000988820260415120119 a0010-0426000247ta260415 g 0 ind  a979-8034-08-2 a513.2 a513.2 HAS k0 aHasyim Baisuni1 aKalkulus /cHasyim Baisuni aEd. 1, Cet. 1 aJakarta :bUniversitas Indonesia (UI-Press),c1986 a611 ;c15,5 x 23 cm aDiterbitkan dalam rangka Program Proyek Pengadaan/Penerbitan Buku, Direktorat Pembinaan Penelitian dan Pengabdian pada Masyarakat, Ditjen Dikti Depdikbud. 4aKalkulus / Matematika aBibliografi hlm. 602. aBuku teks mengenai prinsip-prinsip dasar dan aplikasi kalkulus. a2026382